[Event "EST-ch"]
[Site "Tallinn"]
[Date "1999.05.04"]
[Round "4"]
[White "Sergejev, Roman"]
[Black "Seeman, Tarvo"]
[Result "1-0"]
[WhiteElo "2376"]
[BlackElo "2440"]

1.Nf3 Nf6 2.c4 g6 3.g3 Bg7 4.Bg2 O-O 5.d4 d6 6.Nc3 Nbd7 7.O-O e5 8.e4 c6
9.b3 Qb6 10.Rb1 exd4 11.Nxd4 Nxe4 12.Nxe4 Bxd4 13.Bh6 Bg7 14.Bxg7 Kxg7 15.Qxd6 c5
16.Rbd1 Re8 17.Rfe1 Re6 18.Qxb6 axb6 19.Nd6 Nf8 20.a4 Rxe1+ 21.Rxe1 Ne6 22.f4 Kf8
23.Kf2 Ke7 24.Nxc8+ Rxc8 25.Bxb7 Rd8 26.Bd5 Kf6 27.Bxe6 fxe6 28.Ke2 e5 29.Rd1 Rxd1
30.fxe5+ Kxe5 31.Kxd1 g5 32.Kc2 Ke4 33.b4 cxb4 34.Kb3 g4 35.Kxb4 Kf3 36.c5 bxc5+
37.Kxc5 Kg2 38.a5 Kxh2 39.a6 Kxg3 40.a7 h5 41.a8=Q h4 42.Kd4 h3 43.Ke3 Kh2
44.Qa2+ Kh1 45.Kf2  1-0

[Event "Budapest FS05 IM"]
[Site "Budapest"]
[Date "1999.05.05"]
[Round "5"]
[White "Vadasz, Laszlo"]
[Black "Hera, Imre Jr"]
[Result "1/2-1/2"]
[WhiteElo "2287"]
[BlackElo "2272"]

1.Nf3 Nf6 2.c4 g6 3.g3 Bg7 4.Bg2 O-O 5.O-O d6 6.Nc3 e5 7.d4 Nbd7 8.e4 exd4
9.Nxd4 Re8 10.h3 Nc5 11.Re1 a5 12.Rb1 c6 13.Nb3 Ne6 14.Be3 a4 15.Nd4 Nc5
16.Qc2 Qa5 17.b4 axb3 18.axb3 Na6 19.Ra1 Qc7 20.Qd2 Bd7 21.Red1 Rad8 22.Rab1 Nc5
23.Qc2 Ne6 24.Rd2 Qa5 25.Nde2 Bf8 26.b4 Qc7 27.Ra1 Ra8 28.Rdd1 Reb8 29.Qb2 Bg7
30.Rxa8 Rxa8 31.Ra1 Qb8 32.Ra3 h5 33.Qa1 Rxa3 34.Qxa3 Nh7 35.h4  1/2-1/2

[Event "EST-ch"]
[Site "Tallinn"]
[Date "1999.05.09"]
[Round "9"]
[White "Sergejev, Roman"]
[Black "Sepp, Olav"]
[Result "1/2-1/2"]
[WhiteElo "2376"]
[BlackElo "2397"]

1.Nf3 Nf6 2.c4 g6 3.g3 Bg7 4.Bg2 O-O 5.d4 d5 6.O-O dxc4 7.Na3 Nc6 8.Nxc4 Be6
9.b3 a5 10.Bb2 Bd5 11.Rc1 a4 12.bxa4 Ra6 13.a3 Qa8 14.Ne3 Rd8 15.Nxd5 Nxd5
16.Qb3 e6 17.e4 Nb6 18.d5 Na5 19.Qa2 Bxb2 20.Qxb2 Nac4 21.Qf6 exd5 22.Ng5 Rd7
23.exd5 Nxd5 24.Qd4 Ncb6 25.Qh4 h5 26.Ne4 Rxa4 27.Qg5  1/2-1/2

[Event "Budapest FS05 IM"]
[Site "Budapest"]
[Date "1999.05.12"]
[Round "12"]
[White "Vadasz, Laszlo"]
[Black "Gladyszev, Oleg"]
[Result "1/2-1/2"]
[WhiteElo "2287"]
[BlackElo "2388"]

1.Nf3 Nf6 2.c4 g6 3.g3 Bg7 4.Bg2 O-O 5.O-O d6 6.Nc3 e5 7.d4 Nc6 8.dxe5 Nxe5
9.Nxe5 dxe5 10.Qxd8 Rxd8 11.Bg5 Rd4 12.b3 c6  1/2-1/2

[Event "Kleve op"]
[Site "Kleve"]
[Date "1999.05.16"]
[Round "6"]
[White "Thiel, Kuno"]
[Black "De Gleria, Francesco"]
[Result "1-0"]
[WhiteElo "2318"]
[BlackElo "2433"]

1.Nf3 Nf6 2.c4 g6 3.g3 Bg7 4.Bg2 O-O 5.O-O d6 6.d4 c6 7.Nc3 Qa5 8.Qc2 Be6
9.b3 d5 10.Ne5 Nfd7 11.cxd5 cxd5 12.Nxd7 Nxd7 13.Bd2 Bxd4 14.Nxd5 Qd8 15.Rad1 Bxd5
16.Bxd5 Qb6 17.Bh6 Rfc8 18.Qe4 Bf6 19.Bxf7+ Kxf7 20.Rxd7 Qe6 21.Qxe6+ Kxe6
22.Rxb7 Rc2 23.a4 Rxe2 24.Be3 a6 25.Rc1 h5 26.Kg2 Rb2 27.Rc6+ Kf7 28.Rxf6+  1-0

[Event "Kassel op"]
[Site "Kassel"]
[Date "1999.05.24"]
[Round "6"]
[White "Marchio, Enrico"]
[Black "Schenk, Uwe"]
[Result "0-1"]
[WhiteElo "2320"]
[BlackElo "2169"]

1.Nf3 Nf6 2.c4 g6 3.g3 Bg7 4.Bg2 O-O 5.Nc3 d6 6.O-O e5 7.Rb1 a5 8.a3 Be6
9.d3 h6 10.b4 axb4 11.axb4 Nc6 12.b5 Ne7 13.Bd2 Qd7 14.Ra1 Rab8 15.Qb3 Bh3
16.Ra7 Kh7 17.Nd5 Nfxd5 18.cxd5 Bxg2 19.Kxg2 f5 20.Rc1 e4 21.Ne1 f4 22.Ra4 fxg3
23.hxg3 Qf5 24.f4 Qg4 25.Rxe4 Nf5 26.Nf3 Qxg3+ 27.Kf1 Qh3+ 28.Ke1 Ng3 29.Kd1 Nxe4
30.dxe4 Qf1+ 31.Ne1 Rbe8 32.Rxc7 Rxe4 33.Qf3 Qxf3 34.Nxf3 Rfe8 35.Rxb7 Rxe2
36.Bb4 R2e7 37.Rb6 Re3 38.Nd2 h5 39.Bxd6 h4 40.Rb7 Kg8 41.f5 g5 42.Rd7 g4
43.b6 g3 44.b7 g2 45.Bh2 Re1+ 46.Kc2 Be5 47.f6 Bxh2 48.f7+ Kf8 49.fxe8=R+ Kxe8
50.d6 Kxd7 51.b8=Q g1=Q 52.Qc7+ Ke6 53.Qc8+ Kxd6 54.Qa6+ Ke7 55.Qb7+ Kf6
56.Qc6+ Kg7 57.Qc3+ Be5  0-1

[Event "CRO-Cup"]
[Site "Pula"]
[Date "1999.05.27"]
[Round "4"]
[White "Vukelic, Tomislav"]
[Black "Koznjak, Miroslav"]
[Result "0-1"]
[WhiteElo "2319"]
[BlackElo "2250"]

1.Nf3 Nf6 2.c4 g6 3.g3 Bg7 4.Bg2 O-O 5.O-O d6 6.d4 Nc6 7.Nc3 Bf5 8.b3 a6
9.Bb2 e5 10.d5 Ne7 11.Qd2 h5 12.Rfe1 Ne4 13.Nxe4 Bxe4 14.Nh4 Bxg2 15.Kxg2 Kh7
16.e4 f5 17.exf5 Nxf5 18.Nxf5 Rxf5 19.Re4 Qf6 20.Rae1 Rf8 21.R1e2 Bh6 22.Qc2 Rf3
23.Bc3 Qf5 24.Be1 b6 25.Bb4 Kg7 26.Be1 Bg5 27.h3 Rf7 28.Bc3 h4 29.g4 Rg3+
30.fxg3 Qf1+ 31.Kh2 hxg3+  0-1

[Event "Rhein Main op"]
[Site "Frankfurt"]
[Date "1999.06.05"]
[Round "6"]
[White "Rueger, Erhard"]
[Black "Kuenitz, Klaus"]
[Result "1-0"]
[WhiteElo "2185"]
[BlackElo "2048"]

1.Nf3 Nf6 2.g3 g6 3.Bg2 Bg7 4.c4 O-O 5.Nc3 d5 6.cxd5 Nxd5 7.O-O c6 8.d4 Nxc3
9.bxc3 Nd7 10.e4 e5 11.Qb3 h6 12.Rd1 Qc7 13.a4 Re8 14.d5 Nc5 15.Qc2 cxd5
16.exd5 Bf5 17.Qa2 Ne4 18.Bd2 Nxd2 19.Qxd2 Rac8 20.Rac1 Qc4 21.Qe3 Qxa4 22.h3 b5
23.g4 Bc2 24.Rd2 Bb3 25.d6 Rcd8 26.Qe1 Qc4 27.Qe3 Rd7 28.Nh4 Qc8 29.Ra1 Qd8
30.Bc6 Ba4 31.c4 a6 32.c5 Re6 33.Bxd7 Qxd7 34.c6  1-0

[Event "CZE-ch"]
[Site "Lazne Bohdanec"]
[Date "1999.06.06"]
[Round "4"]
[White "Jurek, Josef"]
[Black "Konopka, Michal"]
[Result "1/2-1/2"]
[WhiteElo "2362"]
[BlackElo "2480"]

1.c4 Nf6 2.Nf3 g6 3.g3 Bg7 4.Bg2 O-O 5.d4 c6 6.Nc3 d5 7.cxd5 cxd5 8.Ne5 Bf5
9.O-O Nc6 10.Nxc6 bxc6 11.Bf4 Nd7 12.Qd2 Qb6 13.Rfd1 e5 14.dxe5 Nxe5 15.b3 Ng4
16.Rf1 Rfe8 17.h3 Nf6 18.Rac1 Nh5 19.Nxd5 cxd5 20.Bc7 Qe6 21.g4 Bxg4 22.hxg4 Nf6
23.Bf3 Ne4 24.Qa5 Ng5 25.Bg2 Qxg4 26.Qxd5 Nh3+ 27.Kh1 Nf4 28.Bxf4 Qxf4 29.e3 Qh6+
30.Kg1 Rad8 31.Qf3 Be5  1/2-1/2

[Event "Budapest FS06 IM"]
[Site "Budapest"]
[Date "1999.06.10"]
[Round "6"]
[White "Vadasz, Laszlo"]
[Black "Berczes, Cs"]
[Result "1/2-1/2"]
[WhiteElo "2287"]
[BlackElo "2146"]

1.Nf3 Nf6 2.c4 g6 3.g3 Bg7 4.Bg2 O-O 5.O-O d6 6.Nc3 Nbd7 7.d4 e5 8.e4 c6
9.Rb1 a6 10.b3 Re8 11.Re1 Qc7 12.h3 b5 13.a3 Bb7 14.dxe5 dxe5 15.Be3 Nf8
16.Qc2 Ne6 17.Red1  1/2-1/2

[Event "Andorra la Vella op"]
[Site "Andorra la Vella"]
[Date "1999.06.29"]
[Round "4"]
[White "Almeida Saenz, Alfonso"]
[Black "Al Modiahki, Mohamad"]
[Result "0-1"]
[WhiteElo "2408"]
[BlackElo "2530"]

1.Nf3 Nf6 2.c4 g6 3.g3 Bg7 4.Bg2 O-O 5.d4 d6 6.Nc3 Nc6 7.O-O a6 8.b3 Rb8
9.Bd2 e5 10.d5 Nd4 11.e4 Bg4 12.Be3 c5 13.dxc6 bxc6 14.Bxd4 exd4 15.Ne2 Nxe4
16.Nexd4 Qb6 17.Qd3 Bxf3 18.Nxf3 Nxf2 19.Rxf2 Bxa1 20.Qxd6 Rbd8 21.Qf4 Rfe8
22.Bf1 c5 23.Ng5 f6 24.Nf3 Qd6 25.Qc1 Bd4 26.Nxd4 Qxd4 27.Kg2 Qe4+ 28.Kg1 f5
29.Qb2 Qd4 30.Qc1 Qe3 31.Qb2 Rd1 32.Kg2 Red8 33.Qe2 Qxe2 34.Bxe2 R1d2 35.a3 a5
36.Kf1 Ra2 37.b4 axb4 38.axb4 cxb4 39.c5 Kg7 40.c6 Re8  0-1

[Event "Andorra la Vella op"]
[Site "Andorra la Vella"]
[Date "1999.07.03"]
[Round "8"]
[White "Marin, Mihail"]
[Black "Al Modiahki, Mohamad"]
[Result "1/2-1/2"]
[WhiteElo "2525"]
[BlackElo "2530"]

1.c4 Nf6 2.Nf3 g6 3.g3 Bg7 4.Bg2 O-O 5.O-O d6 6.Nc3 a6 7.d4 Nc6 8.h3 Rb8
9.e4 Nd7 10.Be3 Na5 11.b3 b5 12.cxb5  1/2-1/2

[Event "NOR-ch"]
[Site "Gausdal"]
[Date "1999.07.04"]
[Round "3"]
[White "Groenn, Atle"]
[Black "Tjomsland, Stig"]
[Result "1/2-1/2"]
[WhiteElo "2310"]
[BlackElo "2276"]

1.Nf3 Nf6 2.c4 g6 3.g3 Bg7 4.Bg2 O-O 5.d4 d5 6.cxd5 Nxd5 7.O-O c6 8.Nc3 Nxc3
9.bxc3 Qa5 10.Qb3 Nd7 11.Ba3 c5 12.Rab1 Rb8 13.Rfd1 Re8 14.Nd2 Qc7 15.Qa4 cxd4
16.cxd4 a6 17.Rdc1 Qd8 18.Nb3 b5 19.Qa5 Nb6 20.Bc6 Rf8 21.e4 Bb7 22.d5 Bxc6
23.Rxc6 Re8 24.Bc1 Na4 25.Bd2 Qd7 26.Qxa6 Qg4 27.Re1 Nb2 28.Nc1 Qf3 29.Qa7 Nc4
30.Bf4 Ra8 31.Qc5 h5 32.Qxb5 Bd4 33.Re2 h4 34.Qb3 Bc3 35.Qd1 h3 36.Qf1 Be5
37.Bxe5 Nxe5 38.Re3 Qh5 39.Rcc3 Ng4 40.Red3 Ne5 41.Re3 Ng4 42.Re2 Rac8 43.Rec2 Rxc3
44.Rxc3 Rb8 45.Nb3 Ra8 46.Qe2 Qe5 47.Rc4 Nf6 48.f4 Qd6 49.Kf1 Qb6 50.Rc6 Qb4
51.Rc4 Qb6 52.Rd4 Kg7 53.e5 Ng4 54.Qxg4 Rxa2 55.Rd2 Qxb3 56.Rxa2 Qb1+ 57.Kf2 Qxa2+
58.Qe2 Qxd5 59.Qf1 Qd4+ 60.Kf3 Qd5+ 61.Kf2 Qd4+  1/2-1/2

[Event "Villa de Benasque 19 abierto"]
[Site "Benasque"]
[Date "1999.07.15"]
[Round "9"]
[White "Marin, Mihail"]
[Black "Herraiz, Herminio"]
[Result "1-0"]
[WhiteElo "2548"]
[BlackElo "2417"]

1.c4 Nf6 2.Nf3 g6 3.g3 Bg7 4.Bg2 O-O 5.O-O d6 6.Nc3 c5 7.d4 Nc6 8.dxc5 dxc5
9.Be3 Be6 10.Qa4 Nd4 11.Rad1 Bd7 12.Qa3 Nc2 13.Qxc5 b6 14.Qg5 h6 15.Qh4 Nxe3
16.fxe3 g5 17.Qd4 Qc7 18.Nxg5 Rad8 19.Nge4 Ng4 20.Qd2 Qe5 21.h3 Ba4 22.Qxd8 Bxd1
23.Qd2  1-0

[Event "Master Tournament"]
[Site "Dortmund"]
[Date "1999.07.16"]
[Round "8"]
[White "Maric, Alisa"]
[Black "Poldauf, Dirk"]
[Result "1/2-1/2"]
[WhiteElo "2489"]
[BlackElo "2453"]

1.Nf3 Nf6 2.c4 g6 3.g3 Bg7 4.Bg2 O-O 5.O-O d6 6.d4 Nbd7 7.Nc3 e5 8.e4 exd4
9.Nxd4 Re8 10.Re1 a5 11.h3 Nc5 12.b3 h6 13.Rb1 c6 14.Bf4 a4 15.Qc2 axb3 16.axb3 Nh7
17.Be3 Qe7 18.b4 Ne6 19.Nde2 Neg5 20.h4 Ne6 21.Na4 Nf6 22.Nb6 Rb8 23.f3 Nd7
24.Nxd7 Bxd7 25.Red1 f5 26.Qd2 fxe4 27.fxe4 g5 28.Qxd6 Qxd6 29.Rxd6 Re7 30.Rbd1 Be8
31.Bh3 Bf7 32.Bf5 Be5 33.R6d2 Ra8 34.Kf2 Ra4 35.Rb1 Bf6 36.hxg5 Nxg5 37.Bxg5 Bxg5
38.Rc2 Bf6 39.Nf4 Bd4+ 40.Kg2 Kg7 41.Rd1 Bf6 42.Rb1 Re8 43.b5 c5 44.Nd5 Be5
45.Rb3 Rea8 46.Rf3 Ra3 47.Rcf2 Rxf3 48.Rxf3 Ra2+ 49.Rf2 Rxf2+ 50.Kxf2 Bxd5
51.exd5  1/2-1/2

[Event "Komercni Banka op"]
[Site "Pardubice"]
[Date "1999.07.16"]
[Round "1"]
[White "Konopka, Michal"]
[Black "Skacelik, Petr"]
[Result "1-0"]
[WhiteElo "2484"]
[BlackElo "2286"]

1.Nf3 Nf6 2.c4 g6 3.g3 Bg7 4.Bg2 O-O 5.O-O d6 6.d4 c5 7.dxc5 dxc5 8.Nc3 Nc6
9.Be3 Be6 10.Qa4 Nd4 11.Rad1 Bd7 12.Qa3 Nc2 13.Qxc5 b6 14.Qg5 h6 15.Qh4 Nxe3
16.fxe3 Ng4 17.Nd5 g5 18.Qh5 e6 19.Qxg4 exd5 20.Qh5 Qe7 21.Rxd5 Qxe3+ 22.Kh1 Bc6
23.Rxg5 Bxf3 24.Rxg7+ Kxg7 25.Bxf3 Rae8 26.Bd5 Re7 27.Rf4 f5 28.Bf3 Qf2 29.Bg4 Qe1+
30.Kg2 Re5 31.b3 Qd2 32.Bf3 Qe3 33.Qh4 Qc5 34.Rd4 Qe7 35.Qf4 Re8 36.h4 Qf6
37.Qd2 R8e7 38.b4 R5e6 39.c5 bxc5 40.bxc5 Rc7 41.c6 Rce7 42.Kf2 Rc7 43.Qf4 Qe5
44.Rd7+  1-0

[Event "Komercni Banka op"]
[Site "Pardubice"]
[Date "1999.07.19"]
[Round "4"]
[White "Jirovsky, Milos"]
[Black "Timagin, Piotr"]
[Result "1-0"]
[WhiteElo "2458"]
[BlackElo "2318"]

1.Nf3 g6 2.c4 Bg7 3.g3 Nf6 4.Bg2 O-O 5.O-O d6 6.d4 Nc6 7.Nc3 Bf5 8.b3 Ne4
9.Nd5 e6 10.Ne3 Nc3 11.Qd2 Ne4 12.Qb2 Nxd4 13.Nxd4 c5 14.Ndxf5 Bxb2 15.Nh6+ Kg7
16.Bxb2+ Kxh6 17.Bxe4 f5 18.Bxb7 Rb8 19.Bg2 a5 20.Bc3 Rf7 21.Rad1 Ra7 22.f4 g5
23.g4 gxf4 24.Rxf4 Qg5 25.Rxd6  1-0

[Event "Komercni Banka op"]
[Site "Pardubice"]
[Date "1999.07.22"]
[Round "7"]
[White "Szekely, Peter"]
[Black "Michalek, Jan"]
[Result "1/2-1/2"]
[WhiteElo "2436"]
[BlackElo "2330"]

1.Nf3 Nf6 2.c4 g6 3.g3 Bg7 4.Bg2 O-O 5.d4 d6 6.Nc3 Nbd7 7.O-O e5 8.e4 exd4
9.Nxd4 Re8 10.h3 Nc5 11.Re1 Bd7 12.Bf4 a6 13.Kh2 Rb8 14.Nb3 Na4  1/2-1/2

[Event "Biel MTO"]
[Site "Biel"]
[Date "1999.07.24"]
[Round "5"]
[White "Cvitan, Ognjen"]
[Black "Sundar Rajan, Kidambi"]
[Result "0-1"]
[WhiteElo "2511"]
[BlackElo "2334"]

1.Nf3 Nf6 2.c4 g6 3.g3 Bg7 4.Bg2 O-O 5.O-O c6 6.d4 d5 7.b3 Be6 8.Nbd2 a5
9.Bb2 Na6 10.Re1 a4 11.cxd5 cxd5 12.bxa4 Qa5 13.Ne5 Rfc8 14.e4 Nb4 15.Nb3 Qxa4
16.Nc5 Qxd1 17.Rexd1 Nxe4 18.Nxe6 fxe6 19.a3 Nc6 20.Nf3 Na5 21.Bh3 Kf7 22.Re1 Rc2
23.Rab1 Nc4 24.Bc1 Ncd6 25.Ng5+ Nxg5 26.Bxg5 Ne4 27.Be3 Rxa3 28.Rb6 Rc6 29.Rxb7 Ra4
30.Bf1 Nd6 31.Bb5 Nxb5 32.Rxb5 Bxd4 33.Bxd4 Rxd4 34.Rb7 Rdc4 35.Re3 Rc3 36.Re2 Rc2  0-1

[Event "Komercni Banka op"]
[Site "Pardubice"]
[Date "1999.07.24"]
[Round "9"]
[White "Jirovsky, Milos"]
[Black "Zontakh, Andrey"]
[Result "1-0"]
[WhiteElo "2458"]
[BlackElo "2535"]

1.c4 Nf6 2.g3 g6 3.Bg2 Bg7 4.Nf3 O-O 5.O-O d6 6.d4 Nbd7 7.Qc2 e5 8.Rd1 Re8
9.e4 exd4 10.Nxd4 Nc5 11.Nc3 Qe7 12.f3 c6 13.Be3 a5 14.b3 d5 15.cxd5 cxd5
16.Bg5 dxe4 17.Nd5 Nxd5 18.Bxe7 Nd3 19.Bc5 b6 20.fxe4 bxc5 21.Qxd3 Nb4 22.Qb5 Ba6
23.Qxc5 Nd3 24.Rxd3 Bxd3 25.Rc1 Bh6 26.e5 Be3+ 27.Kh1 Rad8 28.Re1 Bf2 29.Rd1 Be2
30.Rd2  1-0

[Event "Budapest  Agro GM"]
[Site "Budapest"]
[Date "1999.08.02"]
[Round "4"]
[White "Ruck, Robert"]
[Black "Wittmann, Walter"]
[Result "1/2-1/2"]
[WhiteElo "2485"]
[BlackElo "2364"]

1.Nf3 Nf6 2.g3 g6 3.Bg2 Bg7 4.c4 O-O 5.O-O d6 6.d4 c6 7.Nc3 Nbd7 8.e4 e5
9.Bh3 exd4 10.Nxd4 Qb6 11.Nde2 Ne8 12.b3 Nc5 13.Be3 f5 14.exf5 Bxf5 15.Nd4 Bd7
16.Qd2 a5 17.Rab1 Rd8 18.Rfe1 Bc8 19.a3 Qc7 20.Bg5 Bf6 21.b4 axb4 22.axb4 Qf7
23.Nd5 Ne6 24.Nxf6+ Nxf6 25.Bh6 Rfe8  1/2-1/2

[Event "MK Cafe Cup-B"]
[Site "Koszalin"]
[Date "1999.08.03"]
[Round "1"]
[White "Szulc, Michal"]
[Black "Szelag, Marcin"]
[Result "0-1"]
[WhiteElo "2124"]
[BlackElo "2389"]

1.c4 g6 2.Nf3 Bg7 3.g3 Nf6 4.Bg2 O-O 5.O-O d6 6.Nc3 Nc6 7.d4 a6 8.d5 Na5
9.Nd2 c5 10.a3 Ng4 11.Qc2 Ne5 12.b3 b5 13.Bb2 bxc4 14.b4 cxb4 15.axb4 Nb3
16.Nxb3 cxb3 17.Qxb3 Bd7 18.Rfc1 Qb6 19.Na4 Qb5 20.f4 Rfc8 21.Rxc8+ Rxc8
22.fxe5 Qxe2 23.Nb6 Rc2 24.Qf3 Qxf3 25.Bxf3 Bb5 26.Rb1 dxe5 27.Bc1 e4 28.Bxe4 Re2
29.Bf3 Bd4+  0-1

[Event "CRA-ch"]
[Site "Antiguo"]
[Date "1999.08.04"]
[Round "4"]
[White "Jimenez, Juan Leon"]
[Black "Valdes, Leonardo"]
[Result "0-1"]
[WhiteElo "2252"]
[BlackElo "2263"]

1.Nf3 Nf6 2.g3 g6 3.c4 Bg7 4.Bg2 O-O 5.d4 d5 6.cxd5 Nxd5 7.Nc3 Nb6 8.O-O Nc6
9.Bf4 Nc4 10.b3 Nxd4 11.Nxd4 Bxd4 12.Bxc7 Nb2 13.Bxd8 Nxd1 14.Rfxd1 Rxd8
15.e3 Bb6 16.Nd5 Re8 17.Rac1 Be6 18.Nc7 Bxc7 19.Rxc7 Rad8 20.Rxd8 Rxd8 21.Bxb7 Rd2
22.a4 Bxb3 23.a5 a6 24.e4 Ra2 25.Rc5 Bd1 26.Bxa6 Bf3 27.Rc1 Bxe4 28.Re1 Bd5
29.Bf1 Rxa5 30.Rxe7 Ra1 31.Rc7 Be4 32.Rc3 Bb7 33.f4 Kg7 34.Re3 h5 35.Rc3 Ba6
36.Rf3 Be2 37.Rf2 Bg4 38.h4 Kf6 39.Kh2 Kg7  0-1

[Event "CRA-ch"]
[Site "Antiguo"]
[Date "1999.08.06"]
[Round "6"]
[White "Gonzalez, Bernal M"]
[Black "Minero Pineda, Sergio"]
[Result "1/2-1/2"]
[WhiteElo "2411"]
[BlackElo "2382"]

1.Nf3 Nf6 2.c4 g6 3.g3 Bg7 4.Bg2 O-O 5.O-O c5 6.Nc3 Nc6 7.a3 d5 8.cxd5 Nxd5
9.Nxd5 Qxd5 10.d3 Qd6 11.Rb1 Be6 12.Bf4 Qd7 13.Qd2 Rac8 14.b4 cxb4 15.axb4 Nd4
16.Nxd4 Bxd4 17.Rfc1 Bd5 18.Bxd5 Qxd5 19.e3 Bg7 20.e4 Qd7 21.Be3 Bd4 22.Rc4 Bxe3
23.Qxe3 Rfd8 24.Rbc1  1/2-1/2

[Event "MK Cafe Cup-A"]
[Site "Koszalin"]
[Date "1999.08.07"]
[Round "5"]
[White "Filippov, Valerij"]
[Black "Socko, Bartosz"]
[Result "1/2-1/2"]
[WhiteElo "2605"]
[BlackElo "2543"]

1.Nf3 Nf6 2.c4 g6 3.g3 Bg7 4.Bg2 O-O 5.d4 d6 6.Nc3 Nc6 7.O-O a6 8.Re1 Re8
9.d5 Na5 10.Nd2 c5 11.Qc2 e6 12.Rb1  1/2-1/2

[Event "Valoz Cup"]
[Site "Olomouc"]
[Date "1999.08.07"]
[Round "2"]
[White "Aksiuczyc, Monika"]
[Black "Balenovic, Zvonimir"]
[Result "0-1"]
[WhiteElo "2198"]
[BlackElo "2288"]

1.c4 Nf6 2.g3 g6 3.Bg2 Bg7 4.Nf3 O-O 5.O-O c6 6.d4 d5 7.b3 Nbd7 8.Bb2 Qb6
9.Nbd2 a5 10.a3 Qa6 11.e4 Nxe4 12.Nxe4 dxe4 13.Ng5 a4 14.Nxe4 axb3 15.Re1 Qxc4
16.Rc1 Qa4 17.Bh3 e6 18.Bf1 Nb6 19.Nc5 Qa7 20.Qxb3 Na4 21.Nxa4 Qxa4 22.Qf3 Rd8
23.Rc4 Qa5 24.Qe3 Bd7 25.h4 h5 26.Rc5 Qb6 27.Ba1 Be8 28.Bc4 Qa7 29.Bb2 b6
30.Rg5 f6 31.Bxe6+ Kh7 32.Bb3 fxg5 33.Qxg5 Rd7 34.Be6 Bf7 35.Bxd7 Qxd7 36.Re7 Qd5
37.Qf4 Kg8 38.Re3 b5 39.Kh2 Rd8 40.Re4 c5  0-1

[Event "BCF-ch 86th"]
[Site "Scarborough"]
[Date "1999.08.07"]
[Round "7"]
[White "Rayner, Francis"]
[Black "Rudd, Jack"]
[Result "1-0"]
[WhiteElo "2218"]
[BlackElo "2185"]

1.Nf3 Nf6 2.c4 g6 3.g3 Bg7 4.Bg2 O-O 5.O-O d6 6.d4 c5 7.Nc3 Nc6 8.d5 Na5
9.Nd2 e6 10.Qc2 exd5 11.cxd5 Bd7 12.Nde4 Bf5 13.Nxf6+ Bxf6 14.e4 Bd7 15.Bf4 Qe7
16.Rfe1 Nc4 17.h3 b5 18.a4 b4 19.Nd1 Ne5 20.Bh6 Rfb8 21.f4 Bxh3 22.fxe5 Qxe5
23.Bf4 Qh5 24.Bxd6 Bd4+ 25.Nf2 Rb6 26.Bf4 Rf6 27.e5 Rf5 28.Qe4 g5 29.Bxh3 Qxh3
30.Qxd4  1-0

[Event "CRA-ch"]
[Site "Antiguo"]
[Date "1999.08.10"]
[Round "9"]
[White "Gonzalez, Bernal M"]
[Black "Leandro, J."]
[Result "1-0"]
[WhiteElo "2411"]
[BlackElo "2105"]

1.Nf3 Nf6 2.c4 g6 3.g3 Bg7 4.Bg2 O-O 5.O-O d6 6.Nc3 e5 7.d3 Ne8 8.Rb1 a5
9.a3 f5 10.Qc2 f4 11.b4 Nd7 12.Nd2 Nef6 13.bxa5 fxg3 14.hxg3 Nc5 15.Nde4 Nfxe4
16.Nxe4 Nxe4 17.Bxe4 Rxa5 18.Bxb7 Bxb7 19.Rxb7 Qc8 20.Rb5 Qh3 21.e4 Rf4 22.Rb8+ Kf7
23.Qe2 Bh6 24.Rb5 Rxb5 25.cxb5 Rf6 26.Bxh6 Qxh6 27.Qc2 Qh3 28.Qxc7+ Kg8 29.Rc1 Rxf2
30.Qc8+  1-0

[Event "Budapest FS08 GM"]
[Site "Budapest"]
[Date "1999.08.10"]
[Round "4"]
[White "Vadasz, Laszlo"]
[Black "Nguyen Anh Dung"]
[Result "1/2-1/2"]
[WhiteElo "2275"]
[BlackElo "2484"]

1.Nf3 Nf6 2.c4 g6 3.g3 Bg7 4.Bg2 O-O 5.O-O d5 6.cxd5 Nxd5 7.Nc3 Nc6 8.Nxd5 Qxd5
9.d3 Qh5 10.Rb1 Bg4 11.Re1 Rad8 12.b4 Nd4 13.Nxd4 Bxd4 14.Bb2 Bb6 15.Qc2 Qf5
16.Rf1 Qe6 17.Rfe1 Qxa2 18.Bxb7 f6 19.Bg2 Qf7 20.b5 Be6 21.Ba3 Bd5 22.e4  1/2-1/2

[Event "MK Cafe Cup-B"]
[Site "Koszalin"]
[Date "1999.08.12"]
[Round "9"]
[White "Sokolowski, Roman"]
[Black "Helaszek, Edward"]
[Result "1-0"]
[WhiteElo "2255"]
[BlackElo "2205"]

1.Nf3 Nf6 2.g3 g6 3.Bg2 Bg7 4.c4 O-O 5.d4 d6 6.Nc3 Nbd7 7.O-O e5 8.h3 exd4
9.Nxd4 Re8 10.e4 a6 11.Bg5 h6 12.Be3 Rb8 13.Qc2 Nc5 14.Rfe1 Bd7 15.a4 a5
16.Rad1 Nh7 17.f4 h5 18.Kh2 c6 19.Nb3 Nxb3 20.Qxb3 Qe7 21.Bb6 Be6 22.Bxa5 h4
23.g4 g5 24.e5 dxe5 25.f5 Bc8 26.Ne4 Nf6 27.Bb4  1-0

[Event "CRA-ch"]
[Site "Antiguo"]
[Date "1999.08.14"]
[Round "12"]
[White "Valdes, Leonardo"]
[Black "Charpentier, William"]
[Result "1/2-1/2"]
[WhiteElo "2263"]
[BlackElo "2250"]

1.Nf3 Nf6 2.c4 g6 3.g3 Bg7 4.Bg2 O-O 5.O-O d6 6.d4 Nbd7 7.Qc2 e5 8.Rd1 exd4
9.Nxd4 Re8 10.Nc3 a5 11.Ndb5 Nc5 12.e4 Bg4 13.f3 Be6 14.b3 Qe7 15.Be3 Rad8
16.Qf2 Nfd7 17.h3 Na6 18.Rac1 Ndc5 19.Nd4 Nb4 20.Bf1 c6 21.Kh2 Bc8 22.Rb1 Ne6
23.a3 Na6 24.Nxe6 Bxe6 25.Na4 c5 26.Qd2 Qc7 27.Bg5 Rd7 28.Nc3 Be5 29.Nb5 Qb6
30.f4 Bg7 31.Qf2 f6 32.Bh4 Bf7 33.Bg2 Nc7 34.Nc3 Qa6 35.g4 f5 36.e5 Be6 37.Bd5 dxe5
38.Na4 Nxd5 39.Nxc5 Qb6 40.Nxd7 Qxf2+ 41.Bxf2 Nc3 42.Nxe5 Nxb1 43.Rxb1 g5
44.Nd3 fxg4 45.Re1 gxh3 46.Nc5 Bf7 47.Rxe8+ Bxe8 48.fxg5 Bc6 49.Kxh3 Bc3
50.Kg4 Bb2 51.b4 b6 52.b5 Bg2 53.Na4 Bxa3 54.Nxb6 Bf1 55.Kf5 Bc1 56.Be1 Bd3+
57.Kg4 Be2+ 58.Kh4 Be3 59.Nd5 Bd4 60.Ne7+ Kf7 61.Nc6 Be3 62.Bxa5 Bf2+ 63.Kh3 Ke6
64.b6 Bxb6 65.Bxb6 Bxc4 66.Kh4 Kd6 67.Nd4 Bf7 68.Kg4 Ke5 69.Nf3+ Ke4 70.Nh4 Be8
71.Bc7 Bf7 72.Ng2 Be8 73.Ne1 Bf7 74.Nc2 Kd5 75.Nb4+ Ke6 76.Nd3 Kd5 77.Bb8 Ke4
78.Nc5+ Kd5 79.Nd3 Ke6 80.Nf4+ Ke7 81.Ba7 Be8 82.Bc5+ Kf7 83.Bd4 Kf8 84.Bf6 Bf7
85.Kf5 Be8 86.Ne6+ Kg8 87.Ke5 Kf7 88.Kd6 Ba4 89.Nf4 Bc2 90.Ke5 Bb1 91.Ne2 Bc2
92.Nd4 Bb1 93.Bd8 Kg6 94.Ne6 Kf7 95.Nf4 Bc2 96.Kd4 Bb1 97.Ke3 Bf5 98.Kf3 Ke8
99.Bb6 Kf7 100.Kg3 Bc2 101.Nd5 Kg6 102.Ne3 Bd3 103.Bd8 Be2 104.Nd5 Bd1 105.Kh4 Bf3
106.Ne7+ Kf7 107.Nf5 Kg6 108.Kg3 Kxf5 109.Kxf3 Kg6 110.Kg4 h6 111.gxh6 Kxh6  1/2-1/2

[Event "Zurich Hilton op"]
[Site "Zurich"]
[Date "1999.08.17"]
[Round "5"]
[White "Moloney, Nicholas"]
[Black "Jens, Jonitz"]
[Result "1-0"]
[WhiteElo "2128"]
[BlackElo "2316"]

1.c4 Nf6 2.Nf3 g6 3.g3 Bg7 4.Bg2 O-O 5.O-O d6 6.Nc3 c6 7.d4 Nbd7 8.Qc2 e5
9.dxe5 dxe5 10.Rd1 Qe7 11.a4 h5 12.b3 Nc5 13.Ba3 Re8 14.Nd2 Bf5 15.e4 Bg4
16.f3 Bc8 17.b4 Ne6 18.b5 Nd4 19.Qb2 c5 20.b6 Bd7 21.Nb3 Nxb3 22.Qxb3 Bc6
23.Bh3 Red8 24.Rxd8+ Rxd8 25.Nd5 Qd6 26.Rd1 Bf8 27.Bb2 Nxd5 28.exd5 Be8 29.Re1 Bg7
30.Bc3 Ra8 31.Qb2 Bxa4 32.f4 a6 33.Qa1 Bb3 34.fxe5 Qxb6 35.e6 Bxc3 36.Qxc3 Qb4
37.exf7+ Kxf7 38.Rf1+ Kg8 39.Qf3 Qxc4 40.d6  1-0

[Event "FRA-ch qual"]
[Site "Bescanon"]
[Date "1999.08.18"]
[Round "1"]
[White "Veron, Cyprien"]
[Black "Leygue, Dominique"]
[Result "0-1"]
[WhiteElo "2162"]
[BlackElo "2306"]

1.c4 Nf6 2.Nf3 g6 3.g3 Bg7 4.Bg2 O-O 5.O-O d6 6.d4 Nc6 7.Nc3 e5 8.d5 Ne7
9.e4 Nd7 10.b4 f5 11.Ng5 Nf6 12.Ne6 Bxe6 13.dxe6 c6 14.Qb3 fxe4 15.Nxe4 Nxe4
16.Bxe4 Qc8 17.b5 Qxe6 18.Ba3 Rab8 19.Rad1 c5 20.b6 a6 21.Bd5 Nxd5 22.Rxd5 e4
23.Bb2 Rf3 24.Qc2 Bxb2 25.Qxb2 Rbf8 26.Qe2 e3 27.Re1 Rxf2 28.Qxe3 Rf1+  0-1

[Event "Budapest FS08 IM"]
[Site "Budapest"]
[Date "1999.08.19"]
[Round "13"]
[White "Marinkovic, Milan"]
[Black "Pinter, Gabor"]
[Result "1/2-1/2"]
[WhiteElo "2360"]
[BlackElo "2332"]

1.c4 Nf6 2.Nf3 g6 3.g3 Bg7 4.Bg2 O-O 5.O-O d6 6.Nc3 e5 7.d3 Nc6 8.Rb1 a5
9.a3 h6 10.b4 axb4 11.axb4 Be6 12.b5 Ne7 13.Ne1 Qc8 14.Nc2 Bh3 15.e4 Bxg2
16.Kxg2 Nh7 17.Ne3 f5 18.Ncd5 Nxd5 19.Nxd5 Qd7 20.exf5 gxf5 21.Qh5 f4 22.gxf4 Nf6
23.Nxf6+ Rxf6 24.Kh1 exf4 25.Bb2 Qf5  1/2-1/2